Datum a čas kvízu
27.5
Celkem bodů
Celkový počet nahraných bodů na tomto kvízu bez doplňovacích otázek.
5.
Pořadí na kvízu
Konečné umístění týmu na tomto kvízu.
Zaznamenané odpovědi
| # | Otázka | Odpověď | Body | Výsledky |
|---|---|---|---|---|
| 1. | Úřady jisté asijské země propu... | v Pákistánu | 0 | |
| 2. | Rada města Akureyri přišla s n... | na Islandu | 1 | |
| 3. | Koncert pro budoucnost, který... | Václava Havla | 1 | |
| 4. | Škoda Auto minulý čtvrtek před... | Slavia | 0 | |
| 5. | Anketa Biatlonista roku má pot... | Markéta Davidová | 0 | |
| 6. | K vytvoření tohoto tématu nás... | The Wire | 0 | |
| 7. | Na třetí pozici se v žebříčku... | Walter, Jesse | 1 | |
| 8. | Na pátém místě žebříčku skonči... | 8 sérií | 1 | |
| 9. | Největší zastoupení v žebříčku... | Výmarská republika/výmarské Německo | 1 | |
| 10. | Dalším seriálem vybočujícím z... | Kodaň, Malmö | 1 |